| 000 | 00494cam a2200193ua 4500 | ||
|---|---|---|---|
| 001 | 12266 | ||
| 005 | 20260515114846.0 | ||
| 008 | 200821n ii |||gr||||Z||||||asm | ||
| 020 | _a8173391858 | ||
| 040 | _cMAIN | ||
| 082 | _a891.451 | ||
| 100 |
_aKarabi Deka Hazarika, _eAuthor. |
||
| 245 |
_aAsomiya kabita _cBy Karabi Deka Hazarika |
||
| 250 | _a5th ed. | ||
| 260 |
_aDibrugarh: _bBanalata, _c2014. |
||
| 300 | _a246p. | ||
| 653 | _aEast Indo-European & Celtic literatures | ||
| 942 | _cBK | ||
| 999 |
_c11010 _d11010 |
||